Giovanna dai capelli rossi : bambine che dicono no /

সংরক্ষণ করুন:
গ্রন্থ-পঞ্জীর বিবরন
অন্যান্য লেখক: Bacco, Nicoletta, Domenichini, Barbara
বিন্যাস: গ্রন্থ
ভাষা:ইতালিয়
প্রকাশিত: [Ravenna : Centro documentazione UDI Ravenna, 2001?]
ট্যাগগুলো: ট্যাগ যুক্ত করুন
কোনো ট্যাগ নেই, প্রথমজন হিসাবে ট্যাগ করুন!

MARC

LEADER 00000nam a22000007i 4500
001 IT\ICCU\RAV\0795130
003 ItRI
005 20260115232432.0
008 011113s2001 it |||||| ||||| |||||c
040 |b ita  |c importazione bologna sebina 
041 7 |a ita  |2 ISO-639-2 
245 0 0 |a Giovanna dai capelli rossi :  |b bambine che dicono no /  |c percorso bibliografico a cura di Nicoletta Bacco e Barbara Domenichini. 
260 |a [Ravenna :  |b Centro documentazione UDI Ravenna,  |c 2001?] 
300 |a 20 p. :  |b ill. ;  |c 22 cm 
500 |a In cop.: Biblioteca di Sofia. Sezione UDI Ravenna. 
700 1 |a Bacco, Nicoletta  |0 IT\ICCU\RAVV\247856 
700 1 |a Domenichini, Barbara  |0 IT\ICCU\RAVV\261306 
942 |2 ddc  |c BK  |n 0 
952 |0 0  |1 0  |4 0  |6 DOC_016_808000000000000_BAC  |7 0  |9 25710  |a BO  |b BO  |d 2026-01-15  |i 7329  |l 0  |o DOC 016.808 BAC  |p BO7329  |r 2026-01-15 23:24:32  |w 2026-01-15  |x [Sebina 5] [1 v.]  |y BK  |z 1 v. 
999 |c 21811  |d 21811